| 000 | 00545nam a22001937a 4500 | ||
|---|---|---|---|
| 003 | OSt | ||
| 005 | 20140310183129.0 | ||
| 008 | 130531t xxu||||| |||| 00| 0 eng d | ||
| 050 |
_aQD 45 _b.P578 2004 |
||
| 082 |
_aFIL 547.07802 _bL11 2004 |
||
| 245 |
_aLaboratory manual in general and inorganic chemistry / _cPhysical Science Department |
||
| 260 |
_aPamplona, Las Pinas City : _c2004 |
||
| 300 |
_a85 p. : _c27 cm. |
||
| 521 | _acollege students | ||
| 526 | _c1210L-1700L | ||
| 541 | _j1 | ||
| 562 | _e1 | ||
| 942 |
_2lcc _cBK _kFIL |
||
| 999 |
_c19099 _d19099 |
||